| 000 | 00551nam a22001937a 4500 | ||
|---|---|---|---|
| 005 | 20230222021659.0 | ||
| 008 | 230222b |||||||| |||| 00| 0 eng d | ||
| 020 | _a978-0-380-78233-8 | ||
| 082 | _aFic. P558 1996 | ||
| 100 |
_aPhillips, Susan Elizabeth _eauthor |
||
| 245 |
_aKiss an angel / _cSusan Elizabeth Phillips |
||
| 260 |
_aNew York: _bAvon Books, _cc1996. |
||
| 300 | _a373p. | ||
| 541 | _e5473 | ||
| 650 | _aMan-woman relationships - Fiction | ||
| 650 | _aCircus - Fiction | ||
| 650 | _aMarriage - Fiction | ||
| 650 | _aLove stories | ||
| 999 |
_c1356 _d1356 |
||